The Dictionary of Sport: (Record no. 356068)
[ view plain ]
| 000 -LEADER | |
|---|---|
| fixed length control field | 00345nam a2200109Ia 4500 |
| 008 - FIXED-LENGTH DATA ELEMENTS--GENERAL INFORMATION | |
| fixed length control field | 180305s9999 xx 000 0 und d |
| 020 ## - INTERNATIONAL STANDARD BOOK NUMBER | |
| International Standard Book Number | 1858688221 |
| 100 ## - MAIN ENTRY--PERSONAL NAME | |
| Personal name | Cox, Gerry |
| 245 ## - TITLE STATEMENT | |
| Statement of responsibility, etc | Gerry Cox |
| Title | The Dictionary of Sport: |
| Remainder of title | The Complete guide for TV viewers, Spectators and Players/ |
| 260 ## - PUBLICATION, DISTRIBUTION, ETC. (IMPRINT) | |
| Place of publication, distribution, etc | Italy |
| Name of publisher, distributor, etc | Carlton Books |
| Date of publication, distribution, etc | 1999 |
| 300 ## - PHYSICAL DESCRIPTION | |
| Extent | 400 Pages |
| Withdrawn status | Lost status | Damaged status | Home library | Current library | Shelving location | Date acquired | Source of acquisition | Total Checkouts | Full call number | Barcode | Date last seen | Price effective from | Koha item type |
|---|---|---|---|---|---|---|---|---|---|---|---|---|---|
| College Library | College Library | Reference Section | 03/05/2018 | GV 567 .G379 1999 | c21306 | 05/15/2018 | 03/05/2018 | Books |